00378nam a2200109Ia 450010000230000024501530002326000430017626000110021926000090023030000070023965000220024610aRathnayake,R.A.C.U aInvestigation of Antimicrobial Activity of Secondary Meatabolites of Endolichenic Fungus,Aspergillus novofunigatus Isolated from Parmotrema species aColombobInstitiute of Chemistryc2014 bIchemc c2014 a41 adissertation,2014